Private banking times: magazín občasník s ekonomickým zameraním
Gespeichert in:
| Format: | Schriftenreihe |
|---|---|
| Sprache: | Slowakisch |
| Veröffentlicht: |
Bratislava
Tatra banka
|
| Schlagworte: | |
| Tags: |
Keine Tags, Fügen Sie das erste Tag hinzu!
|
MARC
| LEADER | 00000nas1a2200000$$$4500 | ||
|---|---|---|---|
| 001 | 0118361 | ||
| 005 | 20260113113753.1 | ||
| 041 | 0 | |a slo | |
| 044 | |a SK | ||
| 245 | 1 | 0 | |a Private banking times: magazín |b občasník s ekonomickým zameraním |
| 264 | 1 | |a Bratislava |b Tatra banka | |
| 500 | |a [Do r. 2011 vychádzal s podnázvom: magazín Tatra banky pre klientov exkluzívnej služby Private banking] | ||
| 610 | 2 | 0 | |a bankovníctvo |
| 610 | 2 | 0 | |a trh finančný |
| 610 | 2 | 0 | |a služby finančné |
| 610 | 2 | 0 | |a situácia hospodárska |